Responses for Show #6939 - Thursday, November 13, 2014

2014 Tournament of Champions quarterfinal game 4.

Contestants

[<< previous game]

Sarah McNitt, a study-abroad advisor originally from Ann Arbor, Michigan

Terry O'Shea, a junior at Princeton University from Bridgewater, New Jersey

Drew Horwood, a law student originally from Maple Grove, Minnesota

[next game >>]

Jeopardy! Round responses

1964 -- 50 YEARS AGO
DESSERTS
THEIR MAIN MUSICAL INSTRUMENT
FLORIDA GEOGRAPHY
MARVEL: 75 YEARS
OBSOLETE WORDS
(Alex: Each correct response will be a word that can be made of the letters you find in "obsolete".)
    $200 13
Civil Rights Act

Sarah
    $200 8
angel food cake

Drew
    $200 30
drums

Sarah
    $200 21
the Florida Keys

Terry
    $200 1
the Human Torch

Drew
    $200 4
stole

Triple Stumper
    $400 14
(Sarah: Who is John XXIII?)

Pope Paul VI

Sarah
Triple Stumper
    $400 11
baklava

Terry
    $400 29
cello

Drew
    $400 22
Tampa and St. Petersburg

Drew
    $400 2
Elektra

Drew
    $400 5
lobe

Terry
    $600 20
UCLA

Drew
    $600 12
(Terry: Uh... What is humbug?)
(Drew: What is figgy pudding?)

roly-poly

DrewTerry
Triple Stumper
    $600 25
(Sarah: What is the clarinet?)
...
(Alex: [Imitating Lawrence Welk] What is the wunnerful, wunnerful cordeen.)

accordion

Sarah
Triple Stumper
    $600 23
Jacksonville

Sarah
    $600 3
(Terry: What is a war?)
(Alex: Be more specific.)
(Terry: What is a [*]?)

civil war

Terry
    $600 6
(Sarah: What is seat?)
(Alex: Yes--no.)
...
(Alex: Correct response--"What is [*]?" S-E-E, not seat.)

see

Sarah
Triple Stumper
    $800 19
(Alex: Made into a film starring Dustin Hoffman--[*].)

Little Big Man

Triple Stumper
    $800 17
ice cream sandwich

Sarah
    $800 26
flute

Triple Stumper
    $800 24
(Alex: You're gonna love it. What is [*]?)

Stetson University

Triple Stumper
    $800 9
No-Prize

Triple Stumper
    $800 7
betel

Triple Stumper
    $1000 15
SEALAB

Triple Stumper
    $1000 18
croquembouche

Sarah
    $1000 27
piano

Triple Stumper
    $1,000 28
(Sarah: What is Pensacola?)

the Suwannee River

Sarah
    $1000 10
Ant-Man

Drew
    $1000 16
stele

Terry

Scores at the first commercial break (after clue 15):

Drew Terry Sarah
$1,200 $800 -$800

Scores at the end of the Jeopardy! Round:

Drew Terry Sarah
$2,600 $2,000 $200

Double Jeopardy! Round responses

WOMEN'S LIT
MOVIE CENTURY SETTINGS
COME SAIL AWAY
SCIENTIFICALLY RELATED
WHERE THERE'S A WILL...
THERE'S A "WAY"
    $400 10
Pearl Buck

Terry
    $400 4
the 19th century

Drew
    $400 30
(Sarah: What is a plow?)

tiller

DrewSarah
    $400 25
rhinoceroses

Terry
    $400 29
Benjamin Franklin

Sarah
    $400 27
highwaymen

Drew
    $800 9
(Drew: Who are Eastwick?)
...
(Alex: No, not The Witches of Eastwick, but [*].

The Women of Brewster Place

Drew
Triple Stumper
    $800 3
the 20th century

Drew
    $800 19
bulkhead

Triple Stumper
    $800 20
pistachios

Sarah
    $800 22
Chief Justice of the Supreme Court

Drew
    $800 26
caraway

Terry
    $1200 1
Marilyn French

Triple Stumper
    $1200 2
the 17th century

Drew
    $1200 17
(Drew: What is the topsail?)
...
(Alex: What is the [*]? Aye, mate.)

yardarm

Drew
Triple Stumper
    $1200 21
mites

Terry
    $1200 14
John F. Kennedy

Drew
    $1200 11
information superhighway

Sarah
    $1600 7
The Woman in White

Sarah
    $1600 5
(Drew: What is the 15th century?)

the 16th century

DrewSarah
    $1600 18
jib

Triple Stumper
    $1600 24
anise

Sarah
    $3,000 15
(Drew: Who is... Peggy Guggenheim?)
(Alex: No. What's a famous university in Durham? [*]. Doris [*] was the lady in question.)

(Doris) Duke

Drew
    $1600 12
castaway

Sarah
    $2000 8
The Woman in Black

Terry
    $2000 6
(Drew: What is the 3rd century?)

the 2nd century

DrewTerry
    $2000 28
ratlines

Triple Stumper
    $2,000 23
(Drew: What is a Seminole?)
(Alex: No. Big tree here in California--the [*].)

sequoia

Drew
    $2000 16
Mark Twain

Triple Stumper
    $2000 13
causeway

Drew

Scores at the end of the Double Jeopardy! Round:

Drew Terry Sarah
-$800 $8,800 $8,600

Final Jeopardy! Round responses

TUNNELS
SarahWhat are Kyushu and Kyoto?
$8,100
TerryWhat are Hokkaido and Honshu?
$8,400
Honshu and Hokkaido

Final scores:

Drew Terry Sarah
-$800 $17,200 $500
3rd place: $5,000 if eliminated Automatic semifinalist 2nd place: $5,000 if eliminated

Game dynamics:

Coryat scores:

Drew Terry Sarah
$4,200 $8,800 $9,600
15 R,
7 W
(including 2 DDs)
11 R,
1 W
12 R,
5 W
(including 1 DD)

Combined Coryat: $22,600

[game clues] [game scores] [suggest correction]

Game tape date: 2014-09-30
The J! Archive is created by fans, for fans. Scraping, republication, monetization, and malicious use prohibited; this site may use cookies and collect identifying information. See terms. The Jeopardy! game show and all elements thereof, including but not limited to copyright and trademark thereto, are the property of Jeopardy Productions, Inc. and are protected under law. This website is not affiliated with, sponsored by, or operated by Jeopardy Productions, Inc. Join the discussion at JBoard.tv.